Information Security in the Digital Era/ (Record no. 188692)
[ view plain ]
| 000 -LEADER | |
|---|---|
| fixed length control field | 00659nam a22001937a 4500 |
| 005 - DATE AND TIME OF LATEST TRANSACTION | |
| control field | 20220601162713.0 |
| 010 ## - LCCN (DPL NO) | |
| LC control number | ENG-132921 |
| 020 ## - INTERNATIONAL STANDARD BOOK NUMBER | |
| International Standard Book Number | 9789380017297 |
| Terms of availability | 400.00 |
| 035 ## - SYSTEM CONTROL NUMBER | |
| System control number | EN-116453 |
| 037 ## - SOURCE OF ACQUISITION | |
| Source of stock number/acquisition | DBAD/PUB |
| 082 ## - DEWEY DECIMAL CLASSIFICATION NUMBER | |
| Classification number | 005.8 |
| 245 ## - TITLE STATEMENT | |
| Title | Information Security in the Digital Era/ |
| Statement of responsibility, etc | Edited by B. Ramesh Babu and P. Nageswara Rao |
| 260 ## - PUBLICATION, DISTRIBUTION, ETC. (IMPRINT) | |
| Place of publication, distribution, etc | Chennai |
| Name of publisher, distributor, etc | Knowledge Centre Society for Electronic Transactions and Security |
| Date of publication, distribution, etc | 2011 |
| 270 ## - ADDRESS | |
| City | Chennai |
| Address | MGR Knowledge City, CIT Campus Taramani |
| Postal code | 600113 |
| 300 ## - PHYSICAL DESCRIPTION | |
| Extent | xiv, 825p. |
| Dimensions | 29cm(hbk) |
| 700 ## - ADDED ENTRY--PERSONAL NAME | |
| Personal name | Babu, B. Ramesh |
| 700 ## - ADDED ENTRY--PERSONAL NAME | |
| Personal name | Rao, P. Nageswara |
| 942 ## - ADDED ENTRY ELEMENTS (KOHA) | |
| Source of classification or shelving scheme | Dewey Decimal Classification |
| Item type | English Books |
| Classification part | 005.8 |
| Call number suffix | INF |
| Withdrawn status | Lost status | Not for loan | Collection code | Home library | Current library | Date acquired | Source of acquisition | Cost, normal purchase price | Full call number | Barcode | Copy number | Cost, replacement price | Koha item type |
|---|---|---|---|---|---|---|---|---|---|---|---|---|---|
| Non-fiction | Patel Nagar | Patel Nagar | 01/06/2022 | DBAD/PUB | 400.00 | 005.8 INF | EN-116453 | 1 | 400.00 | English Books |
